ARRUPE JESUIT UNIVERSITY

CORONAVIRUS -STOP THE SPREAD - CLEAN,DISINFECT,COVER

Mary in the mystery of the Covenant / (Record no. 128659)

MARC details
000 -LEADER
fixed length control field 01082pam a2200277 a 4500
001 - CONTROL NUMBER
control field 1544564
003 - CONTROL NUMBER IDENTIFIER
control field ARRUPE
005 - DATE AND TIME OF LATEST TRANSACTION
control field 20181128103752.0
008 - FIXED-LENGTH DATA ELEMENTS--GENERAL INFORMATION
fixed length control field 911108s1992 nyua b 000 0 eng
010 ## - LIBRARY OF CONGRESS CONTROL NUMBER
LC control number 91043114
020 ## - INTERNATIONAL STANDARD BOOK NUMBER
International Standard Book Number 0818906324 :
Terms of availability $15.95
040 ## - CATALOGING SOURCE
Original cataloging agency DLC
Transcribing agency DLC
Modifying agency DLC
041 1# - LANGUAGE CODE
Language code of text/sound track or separate title eng
Language code of original and/or intermediate translations of text dut
050 00 - LIBRARY OF CONGRESS CALL NUMBER
Classification number BT611
Item number .L2712 1992
082 00 - DEWEY DECIMAL CLASSIFICATION NUMBER
Classification number 232.91
Edition number 20
300 ## - PHYSICAL DESCRIPTION
Dimensions 22 cm.
100 1# - MAIN ENTRY--PERSONAL NAME
Personal name La Potterie, Ignace de,
Dates associated with a name 1914-
9 (RLIN) 43659
245 10 - TITLE STATEMENT
Title Mary in the mystery of the Covenant /
Statement of responsibility, etc Ignace de la Potterie ; translated by Bertrand Buby.
260 ## - PUBLICATION, DISTRIBUTION, ETC. (IMPRINT)
Place of publication, distribution, etc New York :
Name of publisher, distributor, etc St. Pauls,
Date of publication, distribution, etc c1998.
300 ## - PHYSICAL DESCRIPTION
Extent 296 p. :
600 00 - SUBJECT ADDED ENTRY--PERSONAL NAME
Personal name Mary, St.
Titles and other words associated with a name Blessed Virgin, Saint
General subdivision Biblical teaching.
9 (RLIN) 43660
700 ## - ADDED ENTRY--PERSONAL NAME
Personal name Buby, Bertrand
Relator term tr.
9 (RLIN) 43686
906 ## - LOCAL DATA ELEMENT F, LDF (RLIN)
a 7
b cbc
c orignew
d 1
e ocip
f 19
g y-gencatlg
942 ## - ADDED ENTRY ELEMENTS (KOHA)
Source of classification or shelving scheme Library of Congress Classification
Koha item type Monograph ( Printed materials)
Holdings
Withdrawn status Lost status Source of classification or shelving scheme Damaged status Not for loan Collection code Home library Current library Shelving location Date acquired Total Checkouts Full call number Barcode Date last seen Price effective from Koha item type
    Library of Congress Classification     Main Collection ARRUPE LIBRARY ARRUPE LIBRARY Main Collection 27/11/2018   BT613 .L2712 1992 46600002680 27/11/2018 27/11/2018 Monograph ( Printed materials)

 

Arrupe Library. PO Box MP320 Mt Pleasant, Harare, Zimbabwe
263 242 745411|librarian@aju.ac.zw